=LDR 00000nam 2200000 4500 =001 INLIS000000000014201 =005 20130612105501 =008 ***********************************Ind** =035 ##$$0010-061300000014201 =041 ##$$a Ind =082 ##$$a 361.61 =090 ##$$a 361.61, Cha b =100 ##$$a Chaidir =245 ##$$a Berhutang pada rakyat, Chaidir =260 ##$$a 2002 $b Yogyakarta =300 ##$$a xxviii, 186 hlm, 20 cm =650 ##$$a Politik sosial =850 ##$$a NBPNMAT